00783nam a2200217 a 45000010005000000030005000050050017000100080041000270200015000680400020000831000035001032450135001382600047002734900020003206500034003406500031003747000039004059420013004449990015004579520093004722579CDMR20131105122312.0130130s1999||||||||||||||||||||||||||||d a843704037X aCDMRbcatcCDMR1 91934aChillón, Albertd1960-10aLiteratura y periodismob: una tradición de relaciones promiscuasc Albert Chillón ; prólogo de Manuel Vázquez Montalbán aBarcelonac1999bUniversitat de València0 aAldea Globalv50493088aPeriodisme i literatura049797aReportatges literaris1 9766aVázquez Montalbán, Manuel cMON2udc c2579d2579 00104070aCDMRbCDMRd2013-01-16l0oDi /35pCDMR13119367r2013-01-16w2013-01-16yMON